000 00278nam a22001337a 4500
008 170804b xxu||||| |||| 00| 0 eng d
020 _a9780789730282
041 _aeng
080 _a004
100 _a33
101 _aSHK
245 _aFILE MAKER 7
_cLANE,S
942 _2udc
_cBK
999 _c22681
_d22681